000 00658cam a2200241 4500500
005 20260329001305.0
041 _afre
042 _adc
100 1 0 _aJadin, Alexandre
_eauthor
245 0 0 _aTéléprésentéisme
260 _c2025.
500 _a74
690 _aAutonomie
690 _aCulture d’entreprise
690 _aManagement
690 _aNumérique
690 _aTélétravail
690 _aTravail
690 _aVie de bureau
690 _aVie pro / vie perso
786 0 _nPhilonomist | - | 3 | 2025-03-19 | p. 15-17
856 4 1 _uhttps://shs.cairn.info/magazine-philonomist-2025-3-page-15?lang=fr&redirect-ssocas=7080
999 _c1803919
_d1803919